Presencia y función de lo fantástico en "La muchacha de las bragas de oro" de Juan Marsé

保存先:
書誌詳細
第一著者: Steeman, Luis Gabriel
フォーマット: 不明
出版事項: Colombia: Universidad de Medellín,
主題:
タグ: タグ追加
タグなし, このレコードへの初めてのタグを付けませんか!

MARC

LEADER 000000000a22000000004500
001 000117
100 1 |a Steeman, Luis Gabriel 
245 1 0 |a Presencia y función de lo fantástico en "La muchacha de las bragas de oro" de Juan Marsé 
260 |a Colombia:   |b Universidad de Medellín, 
310 |a semestral 
650 4 |a LAS MUCHACHAS DE LAS BRAGAS DE ORO 
650 4 |a MAISE, JUAN 
650 4 |a CRITICA LITERARIA 
650 4 |a LO FANTASTICO 
773 0 |t Con-Textos: Revista de Semiótica Literaria 
773 0 |g 3 
773 0 |g 19 
773 0 |g 1997 
773 0 |g 41-51 
999 |c 898  |d 898